| 000 | 00409nam a22001697a 4500 | ||
|---|---|---|---|
| 005 | 20180604105627.0 | ||
| 008 | 160629b xxu||||| |||| 00| 0 eng d | ||
| 020 | _a0-521-49852-X | ||
| 041 | _aeng | ||
| 082 |
_b10800 _a519.5 |
||
| 100 |
_aFrank, Harry & Althoen Steven C _93128 |
||
| 245 | _aStatistics | ||
| 260 |
_bCambridge Uni. Press _c1995 |
||
| 300 | _a839 | ||
| 650 |
_aManagement _9241 |
||
| 942 | _cBK | ||
| 999 |
_c4579 _d4577 |
||